La mort dans L´ame

Gespeichert in:
Bibliographische Detailangaben
1. Verfasser: Sartre, Jean-Paul
Format: Buch
Sprache:Undetermined
Veröffentlicht: París, Francia Gallimard 1949
Schlagworte:
Tags: Tag hinzufügen
Keine Tags, Fügen Sie den ersten Tag hinzu!

MARC

LEADER 00000nam a2200000Ia 4500
008 170316s9999 xx 000 0 und d
090 |a 100 S-15m 
100 |a Sartre, Jean-Paul 
245 |a La mort dans L´ame 
260 |a París, Francia 
260 |b Gallimard 
260 |c 1949 
300 |a 293 páginas 
650 |a FILOSOFÍA 
999 |c 17546  |d 17546 
040 |a cru BVZT 
942 |c 15 D  |h 100 S-15m  |2 z